| 000 | 00826nam a22001815i 4500 | ||
|---|---|---|---|
| 001 | 158629 | ||
| 003 | ES-MaACL | ||
| 005 | 20240524063006.0 | ||
| 008 | 040901s1860 sp |||| | spa d | ||
| 040 |
_aCAM _bspa _cCAM |
||
| 100 | 1 |
_aManresa y Navarro, José María, _d1818-1905 _976090 |
|
| 245 | 1 | 0 |
_aObservaciones sobre el recurso de casacion en España / _cpor José María Manresa y Navarro; publicadas en la entrega de la Revista General de Legislacion y Jurisprudencia correspondiente al mes de abril de 1860. |
| 260 |
_aMadrid : _b[s.n.], _c1860 ( _fImprenta de la Revista de Legislacion á cargo de Julian Morales) |
||
| 300 |
_a40 p. ; _c24 cm. |
||
| 650 | 4 |
_aCasación civil- _zEspaña. _9149475 |
|
| 852 |
_aES-MaACL _jFol-Laf-233 _z-- Rust. _z-- Legado M. de la Fuente |
||
| 999 |
_c158629 _d158629 |
||